000 00701nam a2200241 i 4500
001 C2-0325793
003 PPAK
005 20201119115708.0
008 140303s2012 my |||| ||||| | may d
020 _a9789670246154
_qpaperback
040 _aPPAK
_beng
_cPPAK
_erda
082 0 4 _a899.2333
_223
090 0 0 _a899.2333
_bAIR
_dG
100 0 _aAirisz,
_eauthor
245 1 0 _aCik Bunga dan Encik Sombong /
_cAIRISZ.
264 1 _aBandar Mahkota Cheras, Selangor :
_bPenerbitan Karyaseni Sdn. Bhd. ,
_c[2012]
300 _aiii, 593 pages ;
_c19 cm
336 _2rdacontent
_atext
337 _2rdamedia
_aunmediated
338 _2rdacarrier
_avolume
650 1 0 _aMalay fiction.
942 _cB
_2ddc
999 _c125492
_d125492